Normal view MARC view
  • English language fiction

Entry Topical Term

Number of records used in: 1

001 - CONTROL NUMBER

  • control field: 8953

003 - CONTROL NUMBER IDENTIFIER

  • control field: JRU

005 - DATE AND TIME OF LATEST TRANSACTION

  • control field: 20260408150401.0

008 - FIXED-LENGTH DATA ELEMENTS

  • fixed length control field: 260408|| aca||aabn | a|a d

040 ## - CATALOGING SOURCE

  • Original cataloging agency: JRU
  • Transcribing agency: JRU

150 ## - HEADING--TOPICAL TERM

  • Topical term or geographic name as entry element: English language fiction

670 ## - SOURCE DATA FOUND

  • Source citation: Work cat.: (JRU)4205: Barbara Taylor Bradford 8952, Angel, 1994